A carregar...

Meteorology Sabdavali

Detalhes bibliográficos
Formato: Printed Book
Publicado em: TVPM State Institute of Languages 1973
Assuntos:
LEADER 00486nam a2200181 4500
020
082 |a 551.5 MET 
100
245 |a Meteorology Sabdavali  |h Malayalam 
250
260 |a TVPM  |b State Institute of Languages  |c 1973 
300 |a 23 P  |b PB  |f Book 
500
650 |a Meteorology Dictionary 
700
942 |c TB 
999 |c 266529  |d 266529 
952 |0 0  |1 0  |4 0  |6 551_500000000000000_MET  |7 0  |9 283250  |a LIN  |b LIN  |d 2007-07-23  |l 0  |o 551.5 MET  |p LIN5756  |r 2020-02-06  |w 2020-02-06  |y TB